000 00711nam a2200265Ia 4500
005 20260302114817.0
008 008 260114s9999 xx 000 0 eng d
020 _a9781501377044
037 _aTextbook
040 _aCRL
040 _beng
040 _cCRL
041 _2eng
041 _aeng
084 _qCRL
100 _aEmily Johansen
_91119830
245 0 _aBeyond Safety Risk, Cosmopolitanism, and Neoliberal Contemporary Life
260 _bBloomsbury
260 _bBloomsbury Academic
260 _c2021
650 _aLiterary Studies
856 _uhttps://doi.org/10.5040/9781501377044?locatt=label:secondary_bloomsburyCollections
942 _cEBOOK
999 _c1683916
_d1683916